ATLAS OF ORAL & MAXILLOFACIAL SURGERY (Record no. 10651)

MARC details
000 -LEADER
fixed length control field 00365nam a22001577a 4500
003 - CONTROL NUMBER IDENTIFIER
control field SGT
020 ## - INTERNATIONAL STANDARD BOOK NUMBER
International Standard Book Number 978-1-4557-5328-4
082 ## - DEWEY DECIMAL CLASSIFICATION NUMBER
Classification number 617.525
Item number A16K
100 ## - MAIN ENTRY--PERSONAL NAME
Personal name KADEMANI,DEEPAK
245 ## - TITLE STATEMENT
Title ATLAS OF ORAL & MAXILLOFACIAL SURGERY
250 ## - EDITION STATEMENT
Edition statement 1ST
260 ## - PUBLICATION, DISTRIBUTION, ETC. (IMPRINT)
Place of publication, distribution, etc ST.LOUIS,MISSOURI
Name of publisher, distributor, etc ELSEVIER
Year of Publication 2016
300 ## - PAGE DESCRIPTION
No. of Pages 1485
650 ## - SUBJECT ADDED ENTRY--TOPICAL TERM
Topical term or geographic name as entry element ORAL SURGERY
942 ## - ADDED ENTRY ELEMENTS (KOHA)
Source of classification or shelving scheme Dewey Decimal Classification
Koha item type Books
Holdings
Withdrawn status Lost status Source of classification or shelving scheme Damaged status Not for loan Home library Current library Shelving location Date acquired Vendor Name Cost, normal purchase price SGTU Bill Number Total Checkouts Full call number Accession No. (Barcode) Date last seen Bill Date Koha item type
    Dewey Decimal Classification     SGT Dental Library SGT Dental Library Reference Book 28/01/2017 AHUJA BOOK CO.(NEW DELHI) 26412.00 SGTU 7042   617.525 A16K FD7451 28/01/2017   Books